Financial opening, deposit insurance, and risk in a model of banking competition
Gespeichert in:
| 1. Verfasser: | |
|---|---|
| Weitere Verfasser: | |
| Format: | Buch |
| Sprache: | Englisch |
| Veröffentlicht: |
Washington
IMF
1998
|
| Schriftenreihe: | IMF working paper
WP/98/97 |
| Schlagworte: | |
| Tags: |
Keine Tags, Fügen Sie das erste Tag hinzu!
|
MARC
| LEADER | 00000nam a2200000 4500 | ||
|---|---|---|---|
| 001 | c106849 | ||
| 005 | 20250509103956.5 | ||
| 041 | 0 | |a eng | |
| 044 | |a US | ||
| 245 | 1 | 0 | |a Financial opening, deposit insurance, and risk in a model of banking competition |c Prepared by Tito Cordella and Eduardo Levy Yeyati |
| 264 | 1 | |a Washington |b IMF |c 1998 | |
| 300 | |a 45 s. | ||
| 490 | 1 | |a IMF working paper |v WP/98/97 | |
| 830 | 0 | |a IMF working paper |v WP/98/97 | |
| 610 | 2 | 0 | |a financie |
| 610 | 2 | 0 | |a vklady |
| 610 | 2 | 0 | |a poistenie |
| 610 | 2 | 0 | |a riziko |
| 610 | 2 | 0 | |a banky |
| 610 | 2 | 0 | |a konkurencia |
| 610 | 2 | 0 | |a modely |
| 610 | 2 | 0 | |a riziko bankové |
| 100 | 1 | |a Cordella, Tito | |
| 700 | 1 | |a Yeyati, Eduardo Levy | |